1662 1089 1065 1421 1636 1401 1746 1182 1627 1704 1890 1307 1764 1982 1597 1437 1874 1951 1747 1565 1055 1619 1319 1074 1489 1298 1561 1095 1205 1941 1833 1060 1904 1645 1381 1032 1174 1237 1453 1440 1089 1320 1345 1975 1491 1351 1293 1029 1421 1848 1884 1239 1532 1552 1789 1926 1732 1528 1661 1626 1418 1476 1388 1909 1179 1612 1637 1119 1328 1153 1664 1995 1324 1472 1025 1137 1074 1154 1117 1271 1819 1358 1735 1624 1150 1179 1856 1209 1697 1165 1779 1165 1915 1315 1382 1329 1469 1657 1165 BCNSPRNW ULIB Ver.6.0+V

เปลี่ยนเป็นภาษาไทย

Change to English
 แสดงรายละเอียดบรรณานุกรม
  กลับหน้าหลัก

Brief Record : Get Marc (ISO 2709) : E-mail record : QR code < ปิดหน้าต่าง
LEADER : 00000nam 2200000uu 4500
001    13399126771
003     ULIB
008    190304s2561||||th 000 0 tha d
020    ^a9786164682757
060    ^aWV190^bก671ก
100    ^aกิตติ จันทรพัฒนา
245    ^aก้อนบริเวณลำคอ (NECK MASS)/^cกิตติ จันทรพัฒนา
260    ^aสงขลา :^bสหมิตรพัฒนาการพิมพ์,^c2561
300    ^a1925 หน้า;^b26 ซม.
650    ^aคอ^xโรค
945    ^p420^l0^i27178
945    ^p420^l0^i27177
999    ^aกัณชพร จุลอักษร
รายการนี้ยังไม่มีแท็ก
คุณยังไม่ได้ล็อกอิน คุณสามารถมีกิจกรรมร่วมกับเว็บไซต์ได้ แต่ต้องล็อกอินก่อน ::
  ล็อกอิน

รายการสื่อสารสนเทศ

ลำดับที่ ประเภท เลขเรียก/บาร์โค้ด สถานที่ สถานะ
1. วิทยาศาสตร์การแพทย์ และสุขภาพ
วิทยาศาสตร์การแพทย์ และสุขภาพ
WV190 ก671ก ฉ.1 
  Barcode: 27177
ห้องสมุดวิทยาเขตนครสวรรค์
►หนังสือทั่วไป:l:General Books
บนชั้น
2. วิทยาศาสตร์การแพทย์ และสุขภาพ
วิทยาศาสตร์การแพทย์ และสุขภาพ
WV190 ก671ก ฉ.2 
  Barcode: 27178
ห้องสมุดวิทยาเขตนครสวรรค์
►หนังสือทั่วไป:l:General Books
บนชั้น

รายการใกล้เคียง
    ผู้แต่ง [กิตติ จันทรพัฒนา]

BibComment


ยังไม่เคยถูกคอมเมนท์

คอมเมนท์ทรัพยากรรายการนี้
  คอมเมนท์: ก้อนบริเวณลำคอ N..


 Copyright 2026. Bcnsprnw @Library